| 000 | 00468ntaaa2200169 4500 | ||
|---|---|---|---|
| 003 | 01 | ||
| 005 | 20251027202435.0 | ||
| 008 | 0714s1973 ag 01 | ||
| 040 |
_aAR-BaBN _bspa _cAR-BaBN _eaacr _dRIC |
||
| 082 | _a265.8000 F21f | ||
| 245 | _aLa familia cristiana reza por sus difuntos | ||
| 250 | _a1 ed. | ||
| 260 |
_aBuenos Aires : _bEd. del Comite Nacional, Matrimonio y Familia, _c1977 |
||
| 300 |
_a23 p. ; _c22 cm. |
||
| 650 | _aCatolicismo-Liturgia | ||
| 942 | _cBK | ||
| 999 |
_c19380 _d19380 |
||